Memorias del primer congreso nacional autónomo del pueblo negro, afrocolombiano, palenquero y raizal (Registro nro. 300871)
[ vista simple ]
| 000 -ENCABEZADO | |
|---|---|
| Número de control [NR] | 01320 a2200289 4500 |
| 005 - FECHA Y HORA DE LA ÚLTIMA TRANSACCIÓN | |
| control field | 20161207135927.0 |
| 008 - DE LONGITUD FIJA DE DATOS DE ELEMENTOS - INFORMACIÓN GENERAL | |
| Elementos de longitud fija [NR] | 150908s2013 ck ado f |||| 00| 0 spa d |
| 020 ## - NUMERO INTERNACIONAL NORMALIZADO PARA LIBROS [R] | |
| Número Internacional Normalizado del libro [NR] | 9789585773752 |
| 040 ## - FUENTE DE CATALOGACION [NR] | |
| Agencia de catalogación original [NR] | CO-BoUCM |
| Idioma de catalogación [NR] | spa |
| Quien Cataloga | Jose A. Gerena (modificó) |
| Quien Clasifica | Jose A. Gerena |
| 041 0# - CODIGO DE IDIOMA [R] | |
| Código de idioma para texto/pista de sonido o título separado [R] | Español |
| 111 1# - ASIENTO PRINCIPAL--NOMBRE DE REUNION [NR] | |
| Nombre de reunión o de jurisdicción como elemento de entrada [NR] | congreso nacional autónomo del pueblo negro, afrocolombiano, palenquero y raizal |
| Lugar de la reunión [NR] | (Bogotá |
| Fecha de la reunión [NR] | 2014 |
| Número de la parte/sección de una obra [R] | 1er) |
| 9 (RLIN) | 71424 |
| 240 ## - TITULO UNIFORME [NR] | |
| Título uniforme [NR] | <a href="Memorias">Memorias</a> |
| 245 00 - MENCION DE TITULO [NR] | |
| Título [NR] | Memorias del primer congreso nacional autónomo del pueblo negro, afrocolombiano, palenquero y raizal |
| Mención de responsabilidad, etc. [NR] | primer congreso nacional autónomo del pueblo negro, afrocolombiano, palenquero y raizal |
| 260 ## - PUBLICACION, DISTRIBUCION, ETC. (PIE DE IMPRENTA) [R] | |
| Fecha de publicación, distribución, etc. [R] | 2013 |
| Lugar de publicación, distribución, etc. [R] | Bogotá (Colombia) |
| Nombre del editor, distribuidor, etc. [R] | USAID |
| -- | ANAFRO |
| 300 ## - DESCRIPCION FISICA [R] | |
| Extensión [R] | 215 páginas |
| Otros detalles físicos [NR] | ilustraciones, cuadros, fotografías |
| 504 ## - NOTA DE BIBLIOGRAFIA, ETC. [R] | |
| Nota de bibliografía, etc. [NR] | Incluye referencias bibliográficas |
| 630 ## - ASIENTO SECUNDARIO DE MATERIA - TITULO UNIFORME [R] | |
| Título uniforme [NR] | Ley 70 de 1993 |
| 9 (RLIN) | 6876 |
| 650 #7 - ASIENTO SECUNDARIO DE MATERIA - TERMINO TEMATICO [R] | |
| 9 (RLIN) | 20180 |
| Término temático o nombre geográfico como elemento de entrada [NR] | Negros |
| Subdivisión general [R] | Aspectos sociales |
| 650 #7 - ASIENTO SECUNDARIO DE MATERIA - TERMINO TEMATICO [R] | |
| 9 (RLIN) | 12991 |
| Término temático o nombre geográfico como elemento de entrada [NR] | Desarrollo social |
| 650 #7 - ASIENTO SECUNDARIO DE MATERIA - TERMINO TEMATICO [R] | |
| 9 (RLIN) | 20180 |
| Término temático o nombre geográfico como elemento de entrada [NR] | Negros |
| Subdivisión geográfica [R] | Quibdó (Chocó, Colombia) |
| 650 #7 - ASIENTO SECUNDARIO DE MATERIA - TERMINO TEMATICO [R] | |
| 9 (RLIN) | 11411 |
| Término temático o nombre geográfico como elemento de entrada [NR] | Comunidades afrocolombianas |
| Subdivisión geográfica [R] | Quibdó (Chocó, Colombia) |
| 651 #4 - ASIENTO SECUNDARIO DE MATERIA - NOMBRE GEOGRAFICO [R] | |
| Nombre geográfico [NR] | Quibdó (Chocó, Colombia) |
| Subdivisión general [R] | Aspectos sociales |
| 9 (RLIN) | 71425 |
| 690 ## - ASUNTO AGREGADO LOCAL DE ENTRADA - TÉRMINO TEMÁTICO (OCLC, RLIN) | |
| Acceso temático local | Sociología |
| 9 (RLIN) | 386 |
| 710 1# - ASIENTO SECUNDARIO - NOMBRE CORPORATIVO [R] | |
| Nombre corporativo o de jurisdicción como elemento de entrada [NR] | Garcés, Daniel |
| Término de relación [R] | director |
| 9 (RLIN) | 71426 |
| 942 ## - ELEMENTOS DE ENTRADA AGREGADOS (KOHA) | |
| Sistema de clasificación | DEWEY |
| Tema principal | Sociología |
| Tipo de ítem principal el descrito en 300a | Libro |
| Edición | 1 |
| Clasificación | 305.89861 |
| Parte restante de la signatura top. | M533 |
| Fecha de último préstamo | Total préstamos | Signatura topográfica | Código de barras | Última vez visto | Ejemplar | Costo de reposición | Price effective from | Tipo de ítem | Perdido | Sistema de clasificación | Dañado | No prestable | Tipo de ítem específico | Suprimido | Ubicación habitual | Ubicación actual | Localización | Fecha de creación | Proveedor | Forma de adquisición | Costo |
|---|---|---|---|---|---|---|---|---|---|---|---|---|---|---|---|---|---|---|---|---|---|
| 29/09/2022 | 2 | 305.89861 M533 | 100147268 | 09/12/2025 | Ej.1 | 26000.00 | 20/08/2015 | Libro | DEWEY | Libro | Claustro | Claustro | 2do piso | 20/08/2015 | 12 | Donación | 0.00 |